000 00962nam a22003017a 4500
001 BR9901124
003 BR-BrBNA
005 20230928100231.0
007 ta
008 230509b bl.||||| |||| 00| 0 por d
040 _aBR-BrBNA
_bpor
_cBiblioteca Nacional de Agricultura
041 _a(Por)
072 _aL20
_b5214
090 _ 5214 BR9901124
100 1 _aSousa, P. de
110 1 _aUniversidade Federal de Lavras, MG (Brasil)
_0Tese (Mestre em Zootecnia)
245 1 _aDesempenho de bezerros Holandeses ate 150 dias de idade, criados em diferentes tipos de instalacoes, no inverno e verao
260 3 _aLavras, MG (Brasil):
_c1998.
300 _a113 p.
500 _a47 tables; Bibliography p. 71-78; 17 illus.; Summaries (Eng, Por)
650 _aGado Holandes
650 _aBezerro
650 _aInstalacao para Animal
650 _aCondicao Ambiental
650 _aGanho de Peso
909 _a202309
_bLucia
_c55
_dLucia Elande
942 _cBK
999 _c60675
_d60675